000 02391nam a22002057a 4500
003 OSt
005 20260401101029.0
008 260401b |||||||| |||| 00| 0 SPA d
082 _2978-9942-615-08-4.
100 _aGina Alexandra Pilco Guadalupe.
245 _aApuntes sobre las creencias irracionales y la violencia contra la mujer
250 _a1mer EDICION
260 _a(Universidad Nacional de Chimborazo), Ecuador
_b Editorial UNACH
_c 2022
300 _a113 páginas
_c14.8 x 21 cm
_f volumen físico
490 _3Rústica (tapa blanda) con solapas
520 _aTeniendo en cuenta que las ideas irracionales tienden a influir en la toma de decisiones de los individuos e inciden en el comportamiento de quienes están alrededor, se ha tomado como elemento de estudio importante cómo se ve reflejado este tipo de ideas en la violencia ejercida contra las mujeres en el entorno familiar y las consecuencias que de ello se deriva. Para este caso es necesario aclarar que la base de estas creencias está en la incapacidad de la persona para identificar y modificar este pensamiento. Sobre este tema, Krug et al. (2003) señaló que el basamento más sólido sobre el que se trabajan estas creencias es el de las 10 creencias irracionales identificadas como base de las creencias irracionales y a partir de una alteración emocional. Para este estudio fue utilizada la clasificación del Código Orgánico Integral Penal (COIP) reformado en el año 2014 en Ecuador, con garantía en la Constitución ecuatoriana, que determina la violencia como física, psicológica y sexual. Consta de 28 ítems donde se identifica que la idea irracional predominante se refiere a que la necesidad de algo y/o alguien más grande o fuerte en quien se pueda confiar y apoyarse, además de la relación que existe con la violencia doméstica. Durante el desarrollo de este libro se encontrarán referencias científicas que acercarán al lector a la situación más actualizada hasta el momento de la relación, violencia y creencias irracionales y la forma en que estas se manifiestan y afectan tanto las relaciones personales como las familiares.
650 _aViolencia contra la mujer. Creencias irracionales. Psicología aplicada
_xAspectos psicológicos. Investigación. Prevención y control
_ySiglo XXI
_zEcuador
700 _aGina Alexandra Pilco Guadalupe.
942 _2ddc
_cBKA
_n0
999 _c2036
_d2036